| 000 | 00659cam a22002171 4500 | ||
|---|---|---|---|
| 001 | 9367621 | ||
| 005 | 20180313045432.0 | ||
| 008 | 711203s1961 nyua 000 0 eng | ||
| 010 | _a 61001620 | ||
| 035 | _a(OCoLC)178262 | ||
| 040 |
_aDLC _cOAU _dOCoLC _dDLC |
||
| 041 | _aeng | ||
| 080 | _a53 WAL | ||
| 082 | _a53 WAL | ||
| 100 | 1 | _a43 | |
| 101 | _aFIZ | ||
| 245 | 0 | 2 |
_aA dictionary of named effects and laws in chemistry, physics, and mathematics _c[by] D. W. G. Ballentyne and L. E. Q. Walker. |
| 740 | 0 | _aNamed effects and laws in chemistry, physics, and mathematics. | |
| 906 |
_a7 _bcbc _coclcrpl _du _encip _f19 _gy-gencatlg |
||
| 942 |
_2ddc _cBK |
||
| 999 |
_c44821 _d44821 |
||